[Event "POL-chT (Women) 4th"]
[Site "Wroclaw"]
[Date "2011.12.04"]
[Round "5"]
[White "Zawadzka, Magdalena"]
[Black "Zawadzka, Jolanta"]
[Result "0-1"]
[WhiteElo "2071"]
[BlackElo "2326"]
[PlyCount "94"]
[EventDate "2011.12.02"]
[EventType "team-swiss"]
[EventRounds "5"]
[EventCountry "POL"]
[SourceTitle "EXT 2019"]
[Source "ChessBase"]
[SourceDate "2018.10.10"]
[SourceVersion "1"]
[SourceVersionDate "2018.10.10"]
[SourceQuality "1"]
[WhiteTeam "Wroclaw AZS Politechnika (W)"]
[BlackTeam "Wroclaw KS Polonia (W)"]
[WhiteTeamCountry "POL"]
[BlackTeamCountry "POL"]

1. e4 e5 2. Nf3 Nc6 3. Bc4 Bc5 4. c3 Nf6 5. d3 d6 6. h3 a6 7. 0-0 Ba7 8. Bb3 h6 9. Qe2 0-0 10. Be3 Re8 11. Nbd2 d5 12. Bxa7 Rxa7 13. Rad1 Be6 14. Rfe1 Ra8 15. Nf1 Qe7 16. Ng3 Rad8 17. Nh4 g6 18. Nf3 Kh7 19. Rd2 d4 20. c4 Nd7 21. Ba4 Ncb8 22. a3 c6 23. b4 b5 24. cxb5 cxb5 25. Bc2 Rc8 26. Qd1 Rc3 27. Qa1 Rec8 28. Qb2 Qd6 29. Ne2 Qc7 30. Rc1 Nb6 31. Ne1 Na4 32. Qb1 Rc6 33. f4 Nc3 34. Qb2 Nd7 35. Nf3 Nxe2+ 36. Rxe2 Rc3 37. fxe5 Bb3 38. Ne1 Nxe5 39. Rf2 Bxc2 40. Rcxc2 Nxd3 41. Nxd3 Rxc2 42. Qxd4 Rxf2 43. Qxf2 Kg8 44. Nc5 Rd8 45. Qf3 Qd6 46. Kf2 a5 47. Nb7 Qb6+ 0-1

[Event "Krakow op-A"]
[Site "Krakow "]
[Date "2003.12.31"]
[Round "6"]
[White "Mikrut, Dariusz"]
[Black "Zawadzka, Magdalena"]
[Result "1/2-1/2"]
[WhiteElo "2363"]
[BlackElo "2266"]
[PlyCount "54"]
[EventDate "2003.12.27"]
[EventType "swiss"]
[EventRounds "9"]
[EventCountry "POL"]
[SourceTitle "EXT 2006"]
[Source "ChessBase"]
[SourceDate "2005.11.24"]
[SourceVersion "1"]
[SourceVersionDate "2005.11.24"]
[SourceQuality "1"]

1. e4 c5 2. Nf3 e6 3. c3 d5 4. exd5 exd5 5. d4 Nc6 6. Be2 Bd6 7. 0-0 Nge7 8. Bg5 0-0 9. dxc5 Bxc5 10. Nbd2 f6 11. Bf4 g5 12. Nb3 Bb6 13. Bd2 Nf5 14. Bd3 g4 15. Bxf5 Bxf5 16. Nfd4 Qd7 17. Be3 Be4 18. Nxc6 bxc6 19. Bc5 Rfe8 20. Bxb6 axb6 21. Qd4 c5 22. Qxf6 Re6 23. Qf4 Rf8 24. Qg3 Rg6 25. Nd2 Rf3 26. Qe5 Rf5 27. Qg3 Rf3 1/2-1/2

[Event "EU-ch (Women) 2nd"]
[Site "Warsaw"]
[Date "2001.04.30"]
[Round "8"]
[White "Zawadzka, Magdalena"]
[Black "Tuominen, Tanja"]
[Result "1-0"]
[WhiteElo "2050"]
[BlackElo "2142"]
[PlyCount "89"]
[EventDate "2001.04.22"]
[EventType "swiss"]
[EventRounds "11"]
[EventCountry "POL"]
[SourceTitle "CBM 082 Extra"]
[Source "ChessBase"]
[SourceDate "2001.07.03"]
[SourceVersion "1"]
[SourceVersionDate "2001.07.03"]
[SourceQuality "1"]

1. e4 c5 2. Nf3 Nf6 3. d3 d6 4. g3 Nc6 5. Bg2 e6 6. Nbd2 Be7 7. 0-0 0-0 8. h4 d5 9. e5 Nd7 10. Re1 Qc7 11. Qe2 Re8 12. Nf1 b6 13. Bf4 Ba6 14. Ne3 Rac8 15. Nxd5 exd5 16. e6 Qd8 17. exf7+ Kxf7 18. Qe6+ Kf8 19. Ne5 Ncxe5 20. Bxd5 Nf6 21. Rxe5 Nxd5 22. Rxd5 Qxd5 23. Qxd5 Rcd8 24. Qf5+ Bf6 25. Qxh7 Bxb2 26. Rb1 Bd4 27. Kf1 Bc8 28. Qh8+ Kf7 29. Qh5+ Kg8 30. g4 Re6 31. Re1 Rf8 32. Bg3 Ref6 33. f4 Rxf4+ 34. Bxf4 Rxf4+ 35. Kg2 Bb7+ 36. Re4 Bxe4+ 37. dxe4 Rf2+ 38. Kg3 Rxc2 39. e5 Rxa2 40. e6 Ra3+ 41. Kf4 Bf6 42. g5 Ra4+ 43. Kf5 Ra5 44. Qe8+ Kh7 45. g6+ 1-0

[Event "POL-ch U20 Girls"]
[Site "Trzebinia"]
[Date "1999.??.??"]
[Round "?"]
[White "Jurkiewicz, Katarzyna"]
[Black "Zawadzka, Magdalena"]
[Result "1-0"]
[WhiteElo "2170"]
[BlackElo "2066"]
[PlyCount "71"]
[EventDate "1999.??.??"]
[EventType "tourn"]
[EventRounds "11"]
[EventCountry "POL"]
[SourceTitle "EXT 2000"]
[Source "ChessBase"]
[SourceDate "1999.11.16"]
[SourceVersion "1"]
[SourceVersionDate "1999.11.16"]
[SourceQuality "1"]

1. e4 d6 2. f4 c5 3. Nf3 g6 4. g3 Bg7 5. Bg2 Nc6 6. c3 Nf6 7. d3 Rb8 8. 0-0 e6 9. Nh4 0-0 10. Be3 b6 11. Na3 Bb7 12. Nc2 Qd7 13. g4 Ne8 14. f5 d5 15. g5 exf5 16. exf5 Be5 17. fxg6 hxg6 18. d4 cxd4 19. Nxd4 Rc8 20. Qf3 Qd6 21. Nb5 Bxh2+ 22. Kh1 Qg3 23. Nxg6 Qxf3 24. Bxf3 fxg6 25. Bxd5+ Kg7 26. Rxf8 Kxf8 27. Kxh2 Ke7 28. Nxa7 Nxa7 29. Bxb7 Rc7 30. Be4 Nd6 31. Bxb6 Rd7 32. Bxa7 Nxe4 33. Re1 Rxa7 34. Rxe4+ Kd6 35. a4 Kd5 36. Rb4 1-0

[Event "POL-chT U19 30th"]
[Site "Straszecin"]
[Date "1999.??.??"]
[Round "?"]
[White "Juszczak, Anna"]
[Black "Zawadzka, Magdalena"]
[Result "1/2-1/2"]
[WhiteElo "2029"]
[BlackElo "2066"]
[PlyCount "110"]
[EventDate "1999.07.21"]
[EventType "team-tourn"]
[EventRounds "11"]
[EventCountry "POL"]
[SourceTitle "EXT 2002"]
[Source "ChessBase"]
[SourceDate "2001.11.25"]
[SourceVersion "1"]
[SourceVersionDate "2001.11.25"]
[SourceQuality "1"]
[WhiteTeam "Lublin Start U19"]
[BlackTeam "Wroclaw Srodmiescie U19"]
[WhiteTeamCountry "POL"]
[BlackTeamCountry "POL"]

1. d4 Nf6 2. c4 g6 3. Nc3 Bg7 4. e4 d6 5. h3 0-0 6. Bg5 Na6 7. Bd3 e5 8. d5 Qe8 9. Nge2 Nd7 10. g4 Ndc5 11. Bb1 f5 12. exf5 gxf5 13. Ng3 e4 14. gxf5 Bxf5 15. Nxf5 Rxf5 16. Be3 Qh5 17. Qxh5 Rxh5 18. Kd2 Re8 19. Bc2 Bh6 20. Bxh6 Rxh6 21. Rag1+ Kf7 22. a3 Rf6 23. Rh2 Nd3 24. Bxd3 exd3 25. b4 Nb8 26. Rhg2 Rg6 27. Rxg6 hxg6 28. Kxd3 Nd7 29. Nb5 Ne5+ 30. Kc3 Rh8 31. Rg3 Rh4 32. Nd4 Rf4 33. f3 b6 34. Rg2 Rh4 35. Rh2 Rxd4 36. Kxd4 Nxf3+ 37. Ke3 Nxh2 38. Kf2 Kf6 39. Kg2 Nf1 40. Kxf1 Ke5 41. Kg2 Kd4 42. Kf3 Kxc4 43. Ke4 g5 44. b5 Kc5 45. a4 Kc4 46. Kf5 Kxd5 47. Kxg5 Ke4 48. h4 d5 49. h5 d4 50. h6 d3 51. h7 d2 52. h8Q d1Q 53. Qe8+ Kd3 54. Qd7+ Ke2 55. Qg4+ Ke1 1/2-1/2

[Event "POL-ch U20 Girls"]
[Site "Trzebinia"]
[Date "1999.??.??"]
[Round "?"]
[White "Szymanowska, Karolina"]
[Black "Zawadzka, Magdalena"]
[Result "0-1"]
[WhiteElo "2113"]
[BlackElo "2066"]
[PlyCount "92"]
[EventDate "1999.??.??"]
[EventType "tourn"]
[EventRounds "11"]
[EventCountry "POL"]
[SourceTitle "EXT 2000"]
[Source "ChessBase"]
[SourceDate "1999.11.16"]
[SourceVersion "1"]
[SourceVersionDate "1999.11.16"]
[SourceQuality "1"]

1. e4 c5 2. Nf3 Nc6 3. d4 cxd4 4. Nxd4 Nf6 5. Nc3 e5 6. Ndb5 d6 7. Bg5 a6 8. Na3 b5 9. Nd5 Be7 10. Bxf6 Bxf6 11. c3 0-0 12. Nc2 Bg5 13. a4 bxa4 14. Rxa4 a5 15. Bc4 Rb8 16. b3 Kh8 17. 0-0 g6 18. Qe2 Bd7 19. Ra2 Bh6 20. Rfa1 f5 21. f3 Qh4 22. Nce3 fxe4 23. fxe4 Qxe4 24. Ra4 Ne7 25. Rxa5 Nxd5 26. Nxd5 Qxe2 27. Bxe2 Rxb3 28. Ra6 Rb2 29. Rxd6 Bf5 30. Re1 Rd2 31. Bf1 e4 32. c4 e3 33. c5 Re8 34. Bb5 Rb8 35. Rb6 Rxb6 36. Nxb6 Be4 37. Bf1 Rc2 38. Nc4 Rc3 39. Rd1 Bf8 40. Rd8 Kg7 41. Rd7+ Kh6 42. Ne5 Bf5 43. Nf7+ Kg7 44. Rb7 Rc1 45. Ne5+ Kf6 46. Rf7+ Kxe5 0-1

[Event "POL-chT 2nd div South"]
[Site "Polanica Zdroj"]
[Date "1999.??.??"]
[Round "9"]
[White "Zawadzka, Magdalena"]
[Black "Guzik, Jolanta"]
[Result "1-0"]
[WhiteElo "2066"]
[BlackElo "2053"]
[PlyCount "40"]
[EventDate "1999.09.17"]
[EventType "team-swiss"]
[EventRounds "10"]
[EventCountry "POL"]
[SourceTitle "EXT 2001"]
[Source "ChessBase"]
[SourceDate "2000.11.22"]
[SourceVersion "1"]
[SourceVersionDate "2000.11.22"]
[SourceQuality "1"]
[WhiteTeam "POL-chT 2nd div South 01"]
[BlackTeam "POL-chT 2nd div South 21"]
[WhiteTeamCountry "POL"]
[BlackTeamCountry "POL"]

1. e4 e5 2. f4 d5 3. exd5 exf4 4. Nf3 Bd6 5. Nc3 Nf6 6. Bc4 0-0 7. 0-0 Bg4 8. d4 Nbd7 9. Bb3 Nb6 10. Qd3 Re8 11. Ne5 g5 12. Nxg4 Nxg4 13. Ne4 h6 14. c4 Bf8 15. Bc2 Bg7 16. b3 Qe7 17. Nc5 Ne3 18. Qh7+ Kf8 19. Ba3 Nxc2 20. Ne6+ fxe6 1-0

[Event "POL-chT U19 30th"]
[Site "Straszecin"]
[Date "1999.??.??"]
[Round "?"]
[White "Zawadzka, Magdalena"]
[Black "Jakubiec, Edyta"]
[Result "0-1"]
[WhiteElo "2066"]
[BlackElo "2098"]
[PlyCount "66"]
[EventDate "1999.07.21"]
[EventType "team-tourn"]
[EventRounds "11"]
[EventCountry "POL"]
[SourceTitle "EXT 2002"]
[Source "ChessBase"]
[SourceDate "2001.11.25"]
[SourceVersion "1"]
[SourceVersionDate "2001.11.25"]
[SourceQuality "1"]
[WhiteTeam "Wroclaw Srodmiescie U19"]
[BlackTeam "Krzeszowice Swit U19"]
[WhiteTeamCountry "POL"]
[BlackTeamCountry "POL"]

1. e4 c5 2. Nf3 d6 3. d4 cxd4 4. Nxd4 Nf6 5. Nc3 a6 6. Bc4 e6 7. Bb3 Nc6 8. Be3 Be7 9. f4 Qc7 10. 0-0 0-0 11. Qf3 Na5 12. Rad1 Nxb3 13. Nxb3 b5 14. a3 Bb7 15. Nd4 Rac8 16. g4 Rfe8 17. g5 Nd7 18. Rd2 Bf8 19. h4 Nb6 20. Rd3 Nc4 21. Bc1 e5 22. Nf5 exf4 23. Qxf4 Ne5 24. Rg3 Ng6 25. Qg4 Qc4 26. h5 Ne5 27. Qf4 d5 28. Nh6+ Kh8 29. Nxf7+ Nxf7 30. Qxf7 Bc5+ 31. Kh2 Rf8 32. Qxb7 Qxf1 33. Rg2 Bd6+ 0-1

[Event "POL-ch U20 Girls"]
[Site "Trzebinia"]
[Date "1999.??.??"]
[Round "?"]
[White "Zawadzka, Magdalena"]
[Black "Reszka, Malgorzata"]
[Result "1-0"]
[WhiteElo "2066"]
[BlackElo "2099"]
[PlyCount "77"]
[EventDate "1999.??.??"]
[EventType "tourn"]
[EventRounds "11"]
[EventCountry "POL"]
[SourceTitle "EXT 2000"]
[Source "ChessBase"]
[SourceDate "1999.11.16"]
[SourceVersion "1"]
[SourceVersionDate "1999.11.16"]
[SourceQuality "1"]

1. e4 c5 2. Nf3 Nc6 3. d4 cxd4 4. Nxd4 g6 5. c4 Bg7 6. Be3 Nf6 7. Nc3 Ng4 8. Qxg4 Nxd4 9. Qd1 Ne6 10. Rc1 Qa5 11. Qd2 b6 12. Bd3 g5 13. 0-0 h5 14. Rfd1 Kf8 15. b3 h4 16. Nd5 Qxd2 17. Rxd2 h3 18. g4 Bd4 19. Bf1 Bxe3 20. Nxe3 d6 21. f3 Bb7 22. Kf2 Nc5 23. Rcd1 Bxe4 24. b4 Na4 25. fxe4 Nc3 26. Kf3 Nxd1 27. Rxd1 a5 28. b5 Rh7 29. Kg3 f6 30. Bxh3 Kf7 31. Bg2 Rc8 32. e5 dxe5 33. Rd7 Rhh8 34. Nf5 Kf8 35. Bd5 Rh7 36. Rb7 Ke8 37. Nd6+ Kd8 38. Bc6 exd6 39. Rxh7 1-0

[Event "POL-chT U19 29th"]
[Site "Rowy"]
[Date "1998.08.25"]
[Round "6"]
[White "Szymanowska, Karolina"]
[Black "Zawadzka, Magdalena"]
[Result "1-0"]
[WhiteElo "2045"]
[BlackElo "2140"]
[PlyCount "75"]
[EventDate "1998.08.20"]
[EventType "team-tourn"]
[EventRounds "11"]
[EventCountry "POL"]
[SourceTitle "EXT 2000"]
[Source "ChessBase"]
[SourceDate "1999.11.16"]
[SourceVersion "1"]
[SourceVersionDate "1999.11.16"]
[SourceQuality "1"]
[WhiteTeam "Jasien Lubtor U19"]
[BlackTeam "Wroclaw Srodmiescie U19"]
[WhiteTeamCountry "POL"]
[BlackTeamCountry "POL"]

1. d4 Nf6 2. e3 g6 3. Bd3 Bg7 4. f4 d6 5. Nf3 c5 6. 0-0 0-0 7. Nbd2 Nc6 8. c3 a6 9. a4 Rb8 10. Qe2 Bd7 11. dxc5 dxc5 12. e4 e5 13. Nc4 Bg4 14. h3 Bxf3 15. Qxf3 Nd7 16. f5 b5 17. Ne3 c4 18. Bc2 Nf6 19. Nd5 Nxd5 20. exd5 Ne7 21. f6 Nxd5 22. fxg7 Kxg7 23. Be4 Nc7 24. Qg3 Qd6 25. Qh4 h5 26. Qg5 Ne6 27. Qf6+ Kh7 28. axb5 axb5 29. Be3 Rbd8 30. Ra7 Rd7 31. Rxd7 Qxd7 32. Qxe5 f5 33. Bf3 f4 34. Rd1 Qe8 35. Rd6 fxe3 36. Rxe6 Qd8 37. Re7+ Kh6 38. Qxe3+ 1-0

[Event "POL-ch (Women)"]
[Site "Sopot"]
[Date "1998.??.??"]
[Round "?"]
[White "Gazik, Renata"]
[Black "Zawadzka, Magdalena"]
[Result "1-0"]
[WhiteElo "2155"]
[BlackElo "2050"]
[PlyCount "127"]
[EventDate "1998.??.??"]
[EventType "tourn"]
[EventRounds "13"]
[EventCountry "POL"]
[SourceTitle "EXT 2000"]
[Source "ChessBase"]
[SourceDate "1999.11.16"]
[SourceVersion "1"]
[SourceVersionDate "1999.11.16"]
[SourceQuality "1"]

1. d4 Nf6 2. c4 c5 3. d5 b5 4. cxb5 a6 5. b6 e6 6. Nc3 Nxd5 7. Nxd5 exd5 8. Qxd5 Nc6 9. Nf3 Rb8 10. Ne5 Qf6 11. Nxc6 dxc6 12. Qe4+ Be7 13. e3 Rxb6 14. Bd3 Rb4 15. Qf3 c4 16. Be4 Bd7 17. 0-0 Qe6 18. a3 Rb6 19. Rd1 0-0 20. Qf4 Rfb8 21. Rd4 Bf6 22. Rd6 Qe7 23. h4 Re8 24. Bd5 Rb5 25. Bxc6 Bxc6 26. Rxc6 Be5 27. Qxc4 Qd7 28. g3 Bxb2 29. Bxb2 Rxb2 30. Rxa6 h6 31. Qc6 Qxc6 32. Rxc6 Rd8 33. Rc4 Ra8 34. a4 Rb6 35. a5 Rba6 36. Rc5 Kf8 37. h5 Ke7 38. Kg2 Kd6 39. Rf5 Ke6 40. g4 Rb8 41. Ra4 f6 42. Re4+ Kd6 43. Rd4+ Ke6 44. Kg3 Rb1 45. Re4+ Kd6 46. Re8 Ra1 47. Rg8 Ra7 48. e4 Ke6 49. Re8+ Kd7 50. Rb8 Ke7 51. Rbb5 Ra3+ 52. Kf4 Rc7 53. Rfc5 Rd7 54. Kf5 Rf3+ 55. Kg6 Rf4 56. Kxg7 Rxg4+ 57. Kxh6 Rd8 58. Rb7+ Kd6 59. Rd5+ Kc6 60. Rb6+ Kc7 61. Rxd8 Kxd8 62. a6 Rxe4 63. a7 Ra4 64. Rb8+ 1-0

[Event "POL-ch (Women)"]
[Site "Sopot"]
[Date "1998.??.??"]
[Round "?"]
[White "Szymanowska, Karolina"]
[Black "Zawadzka, Magdalena"]
[Result "0-1"]
[WhiteElo "2100"]
[BlackElo "2050"]
[PlyCount "46"]
[EventDate "1998.??.??"]
[EventType "tourn"]
[EventRounds "13"]
[EventCountry "POL"]
[SourceTitle "EXT 2000"]
[Source "ChessBase"]
[SourceDate "1999.11.16"]
[SourceVersion "1"]
[SourceVersionDate "1999.11.16"]
[SourceQuality "1"]

1. e4 c5 2. Nf3 Nc6 3. d4 cxd4 4. Nxd4 Nf6 5. Nc3 e5 6. Ndb5 d6 7. Bg5 a6 8. Na3 b5 9. Bxf6 gxf6 10. Nd5 f5 11. Bd3 Be6 12. Qh5 Rg8 13. h3 Rg5 14. Qh4 Bxd5 15. exd5 Nd4 16. 0-0-0 Rxg2 17. Qxd8+ Kxd8 18. c3 b4 19. Nc4 bxc3 20. bxc3 Nb5 21. Bxf5 Bh6+ 22. Nd2 Rxf2 23. Bxh7 Nxc3 0-1